Piedra, papel... ¡ARTE! (Record no. 74348)

MARC details
000 -CABECERA
campo de control de longitud fija 00614nam a2200229 a 4500
005 - FECHA Y HORA DE LA ÚLTIMA TRANSACCIÓN
campo de control 20210219153335.0
008 - ELEMENTOS DE LONGITUD FIJA--INFORMACIÓN GENERAL
campo de control de longitud fija 991125n 000 0 spa u
035 ## - NÚMERO DE CONTROL DEL SISTEMA
Número de control de sistema UPN01000092511
100 ## - ASIENTO PRINCIPAL--NOMBRE PERSONAL
Nombre de persona GARRALON, Ana
222 ## - TÍTULO CLAVE
Título clave EDUCACION Y BIBLIOTECA :
Información calificativa REVISTA MENSUAL DE DOCUMENTACION Y RECURSOS DIDACTICOS
245 ## - MENCIÓN DE TÍTULO
Título Piedra, papel... ¡ARTE!
260 ## - PUBLICACIÓN, DISTRIBUCIÓN, ETC.
Lugar de publicación, distribución, etc. MADRID, ESPAÑA
300 ## - DESCRIPCIÓN FÍSICA
Extensión 16-18
362 ## - FECHAS DE PUBLICACIÓN Y/O DESIGNACIÓN SECUENCIAL
Fecha de publicación y/o designación secuencial 1994 no. 45, mar.
653 0# - TERMINO DE INDIZACION - NO CONTROLADO
Término no controlado ARTE
653 0# - TERMINO DE INDIZACION - NO CONTROLADO
Término no controlado EDUCACION ARTISTICA
653 0# - TERMINO DE INDIZACION - NO CONTROLADO
Término no controlado ESPAÑA
653 0# - TERMINO DE INDIZACION - NO CONTROLADO
Término no controlado LIBROS INFANTILES
653 0# - TERMINO DE INDIZACION - NO CONTROLADO
Término no controlado NIÑOS
904 ## - ELEMENTOS DE DATOS D LOCAL, LDD (RLIN)
a AC
b 030322
905 ## - TIPO DE MATERIAL
Tipo de material Articulo

No items available.